000 00758nas a2200277 4500
001 BR9600215
003 BR-BrBNA
005 20231205094647.0
007 ta
008 230509b bl.|||p| |||| 00| 00por d
040 _aBR-BrBNA
_bpor
_cBiblioteca Nacional de Agricultura
041 _a(Pt)
072 _aF01
100 1 _aCruz, A.C. da
100 1 _aSantos, I.S. dos
100 1 _aSantos, G.M. de M.
100 1 _aSampaio, P.C.
100 1 _aFerraz, Z.M. de
245 1 _aPrognostico da safra baiana de graos 1995/1996
650 _aGrao
650 _aPrevisao de Safra
650 _aBahia
773 0 _tBahia Agricola (Brazil)
_x
_g(Nov 1995), v. 1(0) p. 3-4
_wBR9600215
909 _a202311
_bLúcia
_c55
_dLúcia Elande
942 _2AGRIS
_n0
_cANA
999 _c145962
_d145962